| 000 | 00406nam a2200157 a 4500 | ||
|---|---|---|---|
| 020 | _a0669045292 | ||
| 040 | _cDLC | ||
| 082 | 0 | 0 | _a540 D.C.H 1986 A059 Or. |
| 100 | 1 | _aZumdahl, Steven S. | |
| 245 | 1 | 0 | _aChemistry / |
| 260 |
_aLexington, Mass. : _bD.C. Heath, _cc1986. |
||
| 300 |
_axix, 1023, 60, 16 p. : _bill. (some col.) ; _c27 cm. |
||
| 500 | _aIncludes index. | ||
| 650 | 0 | _aChemistry. | |
| 942 | _cEK | ||
| 999 |
_c14146 _d14146 |
||